[Event "CZE-ch U14 Girls"]
[Site "Zlate Hory"]
[Date "2006.03.17"]
[Round "8"]
[White "Kolomaznikova, Barbora"]
[Black "Mala, Michaela"]
[Result "1-0"]
[WhiteElo "1396"]
[BlackElo "1250"]
[PlyCount "143"]
[EventDate "2006.03.11"]
[EventType "swiss"]
[EventRounds "9"]
[EventCountry "CZE"]
[SourceTitle "EXT 2008"]
[Source "ChessBase"]
[SourceDate "2007.11.25"]
[SourceVersion "1"]
[SourceVersionDate "2007.11.25"]
[SourceQuality "1"]

1. e4 c6 2. d4 d5 3. exd5 cxd5 4. c4 Nf6 5. Nc3 Bf5 6. Bg5 e6 7. Nf3 Be7 8. a3 dxc4 9. Bxc4 0-0 10. 0-0 h6 11. Bh4 Nbd7 12. Re1 Nb6 13. Ba2 Re8 14. Rc1 a6 15. h3 Nfd5 16. Bxe7 Nxe7 17. Kh1 g5 18. g4 Bg6 19. Ne5 Ned5 20. Nxg6 fxg6 21. Bb1 Qf6 22. Ne4 Qf4 23. Qe2 Rf8 24. Rf1 Qf3+ 25. Qxf3 Rxf3 26. Kg2 Raf8 27. Nc5 R3f6 28. Nxb7 Nc4 29. Rxc4 Ne3+ 30. fxe3 Rxf1 31. Be4 R1f2+ 32. Kg3 Rxb2 33. Nc5 Re2 34. Rc3 Re1 35. Nxa6 h5 36. Bxg6 h4+ 37. Kg2 Re2+ 38. Kg1 Rff2 39. Be4 Ra2 40. Nc5 Rfb2 41. Nb3 Rxa3 42. Rc8+ Kf7 43. Nc1 Rxe3 44. Nd3 Rxe4 45. Nxb2 Re1+ 46. Kf2 Rb1 47. Nd3 Rd1 48. Ke2 Ra1 49. Rc2 Ra4 50. Rd2 Kf6 51. Ke3 Ra1 52. Rh2 Ke7 53. Ke4 Kd6 54. Nb4 Ra4 55. Rb2 Ra3 56. Rh2 Ra4 57. Nc2 Rc4 58. Kd3 Ra4 59. Rf2 Ra5 60. Rf6 Ke7 61. Rh6 Kf7 62. Rh7+ Kf6 63. Rc7 e5 64. Rc5 Rxc5 65. dxc5 Ke6 66. Ke4 Kf6 67. Nb4 Ke6 68. Nd3 Kf6 69. Nxe5 Ke7 70. Kd5 Kd8 71. Nf7+ Ke7 72. Nxg5 1-0

[Event "CZE Juniorcentrum op-D"]
[Site "Sec u Chrudimi"]
[Date "2005.10.25"]
[Round "4"]
[White "Mala, Michaela"]
[Black "Smolikova, Barbora"]
[Result "0-1"]
[WhiteElo "1250"]
[BlackElo "1387"]
[PlyCount "118"]
[EventDate "2005.10.22"]
[EventType "swiss"]
[EventRounds "9"]
[EventCountry "CZE"]
[SourceTitle "EXT 2008"]
[Source "ChessBase"]
[SourceDate "2007.11.25"]
[SourceVersion "1"]
[SourceVersionDate "2007.11.25"]
[SourceQuality "1"]

1. d4 d5 2. Nf3 Nf6 3. Nc3 Nc6 4. Bg5 h6 5. Bh4 Bf5 6. Bxf6 exf6 7. e3 Bb4 8. Qd2 Qe7 9. a3 Bxc3 10. Qxc3 0-0 11. Bb5 Nd8 12. 0-0 c6 13. Bd3 Be6 14. Rfe1 f5 15. Qd2 Qf6 16. b3 b5 17. a4 bxa4 18. Rxa4 Bd7 19. Ne5 Qd6 20. c4 f6 21. c5 Qc7 22. Nxd7 Qxd7 23. Qc2 g6 24. f3 Ne6 25. e4 dxe4 26. fxe4 Nxd4 27. Qc4+ Kg7 28. Qxd4 Qe7 29. Ra6 Rac8 30. Qd6 Qb7 31. exf5 Rf7 32. fxg6 Rd7 33. Qg3 Rcd8 34. Rd1 Qxb3 35. h3 Qxd1+ 36. Bf1 Qd4+ 37. Kh2 Qxc5 38. Qf3 Qe5+ 39. g3 c5 40. Ra5 Qc7 41. Ra6 Rd6 42. Ra2 Rd2+ 43. Rxd2 Rxd2+ 44. Bg2 c4 45. Qc3 Rd3 46. Qc2 Rxg3 47. Kg1 c3 48. h4 Qc6 49. Kf1 Qxg2+ 50. Qxg2 Rxg2 51. Kxg2 c2 52. Kg3 c1Q 53. Kg4 Kxg6 54. h5+ Kg7 55. Kh4 Qg5+ 56. Kh3 f5 57. Kh2 f4 58. Kh1 f3 59. Kh2 Qg2# 0-1

[Event "CZE Juniorcentrum op-D"]
[Site "Sec u Chrudimi"]
[Date "2005.10.23"]
[Round "2"]
[White "Mala, Michaela"]
[Black "Skorvagova, Martina"]
[Result "0-1"]
[WhiteElo "1250"]
[BlackElo "1540"]
[PlyCount "80"]
[EventDate "2005.10.22"]
[EventType "swiss"]
[EventRounds "9"]
[EventCountry "CZE"]
[SourceTitle "EXT 2008"]
[Source "ChessBase"]
[SourceDate "2007.11.25"]
[SourceVersion "1"]
[SourceVersionDate "2007.11.25"]
[SourceQuality "1"]

1. d4 d5 2. Nf3 Nc6 3. Nc3 Nf6 4. Bg5 Bf5 5. e3 h6 6. Bh4 a6 7. Bd3 Bxd3 8. Qxd3 Nb4 9. Qd2 e6 10. 0-0 Be7 11. Bxf6 Bxf6 12. a3 Nc6 13. Rfe1 0-0 14. Rad1 Qd7 15. e4 Rad8 16. e5 Be7 17. Qd3 f6 18. Na4 Nxe5 19. dxe5 Qxa4 20. exf6 Rxf6 21. Nd4 Qd7 22. Qe3 Bc5 23. Qe2 Bxd4 24. Rxd4 Rdf8 25. Rf1 c5 26. Rg4 e5 27. Rg3 e4 28. Qd1 Qe6 29. Qh5 e3 30. f3 e2 31. Re1 Qe3+ 32. Kh1 Qd2 33. Rxg7+ Kxg7 34. Qg4+ Kh7 35. Qd7+ R8f7 36. h3 Qxe1+ 37. Kh2 Rxd7 38. c3 Rxf3 39. gxf3 Qf2+ 40. Kh1 e1R# 0-1